A Practical English Grammar (Record no. 1006)

MARC details
000 -LEADER
fixed length control field 00375nam a2200157Ia 4500
003 - CONTROL NUMBER IDENTIFIER
control field OSt
008 - FIXED-LENGTH DATA ELEMENTS--GENERAL INFORMATION
fixed length control field 191201s2005 xx 000 0 und d
020 ## - INTERNATIONAL STANDARD BOOK NUMBER
International Standard Book Number 9780195620535
100 ## - MAIN ENTRY--PERSONAL NAME
Personal name THOMSON, A J
245 #2 - TITLE STATEMENT
Title A Practical English Grammar
250 ## - EDITION STATEMENT
Edition statement 4th
260 ## - PUBLICATION, DISTRIBUTION, ETC. (IMPRINT)
Place of publication, distribution, etc New Delhi
Name of publisher, distributor, etc Oxford Universty Press
Date of publication, distribution, etc 2005
300 ## - PHYSICAL DESCRIPTION
Extent 384 pages
650 ## - SUBJECT ADDED ENTRY--TOPICAL TERM
Topical term or geographic name as entry element Applied
942 ## - ADDED ENTRY ELEMENTS (KOHA)
Source of classification or shelving scheme Dewey Decimal Classification
Koha item type Text Books
Holdings
Withdrawn status Lost status Source of classification or shelving scheme Damaged status Not for loan Collection code Home library Current library Date acquired Source of acquisition Cost, normal purchase price Bill Number Total Checkouts Full call number Acc. no. / Barcode Date last seen Bill Date Koha item type Public note
    Dewey Decimal Classification     Applied Sc. PIET C-LIBRARY PIET C-LIBRARY 09/08/2005 UDH, Delhi 100.00 CM 4732   429 THP 1055 04/12/2019 22/08/2005 Text Books  
    Dewey Decimal Classification     GENERAL PIET C-LIBRARY PIET C-LIBRARY 09/08/2005 UDH, Delhi 100.00 CM 4732   429 THP 1056 04/12/2019 22/08/2005 Text Books Language
    Dewey Decimal Classification     Applied Sc. PIET C-LIBRARY PIET C-LIBRARY 09/08/2005 UDH, Delhi 100.00 CM 4732   429 THP 1057 04/12/2019 22/08/2005 Text Books  
    Dewey Decimal Classification     Applied Sc. PIET C-LIBRARY PIET C-LIBRARY 09/08/2005 UDH, Delhi 100.00 CM 4732   429 THP 1058 04/12/2019 22/08/2005 Text Books  
    Dewey Decimal Classification     Applied Sc. PIET C-LIBRARY PIET C-LIBRARY 19/08/2006 M/s UDH, Delhi 100.00 125382   429 THP 3932 04/12/2019 23/08/2005 Text Books  

Design & Developed by: PIET Central Library
R70 Miles Stone Pattikalyana Samalkha Panipat 132102
mail ID :- [email protected], Phone No:- 0180-2569700 Ex.216